| 000 | 01753nam a22002777a 4500 | ||
|---|---|---|---|
| 003 | CO-CtgCURN | ||
| 005 | 20250519152003.0 | ||
| 008 | 250519b |||||||| |||| 00| 0 eng d | ||
| 020 | _a9583800147 | ||
| 040 |
_aCO-CtgCURN _bspa _ccoctgcurn |
||
| 082 |
_a616.8915018 _bS444r |
||
| 100 | _aSechehaye, M. A. | ||
| 245 |
_aLa realización simbólica y diario de una esquizofrénica : _bexposición de un nuevo método psicoterapéutico / _cM. A Sechehaye , traducción de Jas Rauter y José Gutiérrez. |
||
| 260 |
_aBogotá: _bFondo de Cultura Económica, _c1994. |
||
| 300 |
_a214 páginas _bilustraciones, _c22 cm. |
||
| 490 | _aBiblioteca de psicología y psicoanálisis. | ||
| 505 | _a--- Parte primera: La realización simbólica. -1: Introducción. -2: Anamnesis. -3: El psicoanálisis clásico y la primera mejoría. -4: Empeoramiento de la enfermad mental. -5: El periodo agudo de la enfermedad. -6: Periodo de los progresos manifiestos, debido a los tratamientos simbólicos ininterrumpidos y sistemáticos. -7: Resumen de los progresos logrados gracias a los símbolos. -8: Terapia de las asociaciones mágicas. -9: Reeducación. -10. El testimonio personal. -11: Resumen de los factores que intervinieron en la curación de Renée. ---- Parte Segunda: Diario de una esquizofrénica. -I: Autoobservación. -II: Interpretación. | ||
| 650 | _aTrastorno esquizofrénico | ||
| 650 |
_aTrastornos mentales _xEspectro de la esquizofrenia y otros trastornos psicóticos |
||
| 650 | _aPsicosis. | ||
| 650 |
_aEsquizofrenia _xDiagnóstico |
||
| 650 |
_aEsquizofrenia _xTratamiento. |
||
| 700 |
_aRauter, Jas. _etraductor |
||
| 700 |
_aGutiérrez, José _etraductor |
||
| 942 |
_2ddc _cBK _h616.8915018 _iS444r _n0 |
||
| 999 |
_c48848 _d48848 |
||